Language test construction and evaluation

Guardat en:
Dades bibliogràfiques
Autors principals: Alderson, J. Charles (Autor), Clapham, Caroline (Autor), Wall, Dianne (Autor)
Format: Llibre
Idioma:anglès
Publicat: Cambridge Cambridge University 1995
Col·lecció:Cambridge languaje teaching library
Matèries:
Etiquetes: Afegir etiqueta
Sense etiquetes, Sigues el primer a etiquetar aquest registre!

MARC

LEADER 00000nam a2200000 a 4500
001 UCU8077
003 CL-VaPUC
008 960712e19950000uk |||||||||||||||||eng|d
020 |a 0521478294 
082 0 4 |a 418.0076  |b ALD  |2 21 
100 0 |a Alderson, J. Charles  |e author  |9 367337 
700 0 |a Clapham, Caroline  |e author  |9 367338 
700 0 |a Wall, Dianne  |e author  |9 367339 
245 1 0 |a Language test construction and evaluation 
300 |a 310 p 
942 |c BK 
945 |d 19960712 00:00:00  |a rbrito 
260 |a Cambridge  |b Cambridge University  |c 1995 
650 0 |a Lenguaje y lenguas  |9 265846 
650 0 |a Enseñanza del inglés  |9 367340 
650 0 |a Enseñanza de idiomas  |9 339820 
650 0 |a Ejercicios de lectura   |9 324248 
650 0 |a Comprensión   |9 339377 
583 |a last modification  |c 20170823 04:32:14  |k Rodrigo Vera 
490 0 |a Cambridge languaje teaching library 
999 |c 250604  |d 250602 
952 |0 0  |1 0  |4 0  |6 418_007600000000000_ALD_1995  |7 0  |8 A  |9 268914  |a BIBEDU  |b BIBEDU  |d 2019-11-19  |i 3212718  |o 418.0076 ALD 1995  |p 3212718  |r 2023-01-12  |w 2019-11-19  |y BK  |k LIT 
952 |0 0  |1 0  |4 0  |6 418_007600000000000_ALD_1995  |7 0  |8 A  |9 268915  |a BIBEDU  |b BIBEDU  |d 2019-11-19  |i 4247329  |o 418.0076 ALD 1995  |p 4247329  |r 2023-01-12  |w 2019-11-19  |y BK  |k LIT